00249nam a2200085Ia 4500008004100000082001600041245005400057300002300111650002900134230907s9999||||xx |||||||||||||| ||und|| a621.89bBLO 0aPractical lubrication for industrial facilities / axviii, 570 pages ; aHandbooks, manuals, etc.